Largest Towns in Blekinge - Statistics

General Stats
  • This quiz has been taken 25 times
  • The average score is 8 of 20
Answer Stats
Population Town % Correct
20,228 Karlshamn
95%
36,904 Karlskrona
95%
12,803 Ronneby
90%
8,832 Sölvesborg
90%
7,777 Olofström
70%
4,841 Kallinge
35%
4,003 Mörrum
35%
3,517 Rödeby
35%
2,675 Jämjö
25%
1,365 Mjällby
25%
3,319 Nättraby
25%
1,720 Bräkne-Hoby
20%
1,689 Hasslö
20%
2,022 Svängsta
20%
1,589 Jämshög
15%
1,023 Listerby
15%
886 Norje
15%
1,373 Sturkö
15%
1,525 Hällevik
10%
953 Kyrkhult
5%
No matching quizzes found
Score Distribution
Percent of People with Each Score
Percentile by Number Answered
Your Score History
You have not taken this quiz